Central Library OPAC University of Rajshahi

The Sociopolitical structure of prehistoric Southwestern societies / (Record no. 28288)

MARC details
000 -LEADER
fixed length control field 01290cam a2200349 a 4500
001 - CONTROL NUMBER
control field 28288
003 - CONTROL NUMBER IDENTIFIER
rucl marc code BD-RjUL
005 - DATE AND TIME OF LATEST TRANSACTION
control field 20211209051248.0
008 - FIXED-LENGTH DATA ELEMENTS--GENERAL INFORMATION
fixed length control field 1403 t1989 coua b 000 0 eng d
020 ## - INTERNATIONAL STANDARD BOOK NUMBER
International Standard Book Number 081337538X (alk. paper) :
035 ## - SYSTEM CONTROL NUMBER
System control number (BD-RjUL)28369
040 ## - CATALOGING SOURCE
Original cataloging agency DLC
Transcribing agency DLC
Modifying agency DLC
-- BD-RjUL
Language of cataloging eng
041 ## - LANGUAGE CODE
Language code of text/sound track or separate title eng
082 00 - DEWEY DECIMAL CLASSIFICATION NUMBER
Classification number 979.01
Edition number 20
Author mark and year SOC 1989
245 04 - TITLE STATEMENT
Title The Sociopolitical structure of prehistoric Southwestern societies /
Statement of responsibility, etc. edited by Steadman Upham, Kent G. Lightfoot, and Roberta A. Jewett.
260 ## - PUBLICATION, DISTRIBUTION, ETC. (IMPRINT)
Place of publication, distribution, etc. Boulder :
Name of publisher, distributor, etc. Westview Press,
Date of publication, distribution, etc. 1989.
300 ## - PHYSICAL DESCRIPTION
Pagination xxvi, 682 p. :
Illustrations ill. ;
Size 23 cm.
504 ## - BIBLIOGRAPHY, ETC. NOTE
Bibliography, etc Includes bibliographiy
650 #0 - SUBJECT ADDED ENTRY--TOPICAL TERM
Topical term or geographic name as entry element Indians of North America
Geographic subdivision Southwest, New
General subdivision Antiquities.
9 (RLIN) 86631
Topical term or geographic name as entry element Pueblo Indians
General subdivision Antiquities.
9 (RLIN) 86632
Topical term or geographic name as entry element Indians of North America
Geographic subdivision Southwest, New
General subdivision Politics and government.
9 (RLIN) 86633
Topical term or geographic name as entry element Pueblo Indians
General subdivision Politics and government.
9 (RLIN) 86634
651 #0 - SUBJECT ADDED ENTRY--GEOGRAPHIC NAME
Geographic name Southwest, New
General subdivision Antiquities.
9 (RLIN) 86635
653 ## - INDEX TERM--UNCONTROLLED
Uncontrolled term Complex societies.
700 1# - ADDED ENTRY--PERSONAL NAME
Personal name Upham, Steadman.
Personal name Lightfoot, Kent G.,
Dates associated with a name 1953-
Personal name Jewett, Roberta A.
942 ## - ADDED ENTRY ELEMENTS (KOHA)
Source of classification or shelving scheme Dewey Decimal Classification
Koha item type Books
Holdings
Lost status Source of classification or shelving scheme Damaged status Not for loan Collection code Permanent Location Current Location Shelving location Date acquired Source of acquisition Total Checkouts Full call number Date last seen Copy number Koha item type Cost, normal purchase price
  Dewey Decimal Classification     Non-fiction Central Library, University of Rajshahi Central Library, University of Rajshahi Reading Room 03/02/1993 asia foundation   979.01 SOC 1989 30/03/2014 C-2 Books  
  Dewey Decimal Classification   Added to bundle Non-fiction Central Library, University of Rajshahi Central Library, University of Rajshahi Reading Room 03/11/1992 N/A   979.01 SOC 1989 31/03/2014 C-1 Books 0.00